Szczegóły MARC21

Wspieranie działalności małych i średnich przedsiębiorstw T.2, Specyficzne aspekty zarządzania małymi i średnimi przedsiębiorstwami /

005 -DATA I CZAS OSTATNIEJ MODYFIKACJI [,]
    • @
    • pole kontrolne
    • 20070315155141.9
040 -Instytucja sporządzająca opis [ , ]
    • a
    • Instytucja, która sporządziła opis (NP)
    • SZCZ U
    • c
    • Instytucja, która sporządziła rekord (NP)
    • SZCZ U
041 -Język dokumentu [0, ]
    • a
    • Język tekstu (P)
    • polski
    • h
    • Język tekstu oryginalnego i/lub pośredniego (P)
    • polski
942 -Rodzaj dokumentu [ , ]
    • c
    • Rodzaj dokumentu
    • Książka
245 -Strefa tytułu i oznaczenia odpowiedzialności [0, ]
    • a
    • Tytuł
    • Wspieranie działalności małych i średnich przedsiębiorstw Find
    • n
    • Oznaczenie części (P)
    • T.2,
    • p
    • Nazwa części (P)
    • Specyficzne aspekty zarządzania małymi i średnimi przedsiębiorstwami /
    • c
    • Pozostałe elementy strefy tytułu i oznaczenia odpowiedzialności (NP)
    • pod red. Marka Piałuchy.
260 -Strefa adresu wydawniczego [ , ]
    • a
    • Miejsce wydania (P)
    • Wrocław :
    • b
    • Nazwa wydawcy (P)
    • "Edukacja",
    • c
    • Data wydania (P)
    • 2004.
300 -Strefa opisu fizycznego [ , ]
    • a
    • Określenie formy książki i/lub objętość (NP)
    • 212 s :
    • c
    • Format (NP)
    • 24 cm.
490 -Strefa serii i książki wielotomowej - forma nie do wyszukiwania [0, ]
    • a
    • Tytuł (P)
    • (Zeszyty Naukowe / Wyższa Szkoła Zarządzania "Edukacja" we Wrocławiu ; Find
    • v
    • Numeracja (P)
    • nr 15)
500 -Uwaga ogólna [ , ]
    • a
    • Uwaga ogólna (NP)
    • Bibliogr.Summ
080 -Uniwersalna Klasyfikacja Dziesiętna [ , ]
    • a
    • Symbol klasyfikacji
    • 334.746.3/.4
080 -Uniwersalna Klasyfikacja Dziesiętna [ , ]
    • a
    • Symbol klasyfikacji
    • :658.1/.5
980 -Symbol UKD [ , ]
    • a
    • UKD
    • 334.746.3/.4:658.1/.5
700 -Hasło dodatkowe - nazwa osobowa [ , ]
    • a
    • Nazwa osobowa (NP)
    • Piałucha Marek Find
Lokalizacja Data inwentaryzacji Numer inwentarzowy Status udost.
T2005-04-11T.8549-2
T2005-06-13TM.3312-2
T2005-11-18TM.3577-2